000
00281nam a22001337a 4500
008
170313b xxu||||| |||| 00| 0 eng d
020
_a
9780076637683
041
_a
eng
080
_2
9 ED
_a
591
100
_a
7
101
_a
SHM
245
_a
ZOOLOGY
_c
MILLER.S.A
942
_2
udc
_c
BK
999
_c
7708
_d
7708